|
|
|
|
| LEADER |
00000cam a2200000 a 4500 |
| 001 |
65467 |
| 003 |
CZ-ZlUTB |
| 005 |
20240829151051.0 |
| 007 |
ta |
| 008 |
050624s2005 xr aeh f 000 0dcze d |
| 015 |
|
|
|a cnb001573282
|
| 020 |
|
|
|a 8021429216
|q (brož.)
|
| 035 |
|
|
|a (OCoLC)68740917
|
| 040 |
|
|
|a BOA001
|b cze
|d ABA001
|d ZLD002
|
| 043 |
|
|
|a e-xr---
|b e-xr-jm
|2 czenas
|
| 045 |
|
|
|a r7y0
|
| 072 |
|
7 |
|a 72
|x Architektura
|2 Konspekt
|9 21
|
| 080 |
|
|
|a 929.732
|2 MRF
|
| 080 |
|
|
|a 726.71:27-789.24
|2 MRF
|
| 080 |
|
|
|a 27-52:904
|2 MRF
|
| 080 |
|
|
|a 69.059.3
|2 MRF
|
| 080 |
|
|
|a 727.1
|2 MRF
|
| 080 |
|
|
|a (437.322)
|2 MRF
|
| 080 |
|
|
|a (082)
|2 MRF
|
| 080 |
|
|
|a (082.2)
|2 MRF
|
| 245 |
0 |
0 |
|a Cartusia Brunensis :
|b dějiny královopolského kláštera a jeho proměny v 21. století /
|c Jan Bukovský ... [et al.] ; redakce Alena Mizerová
|
| 246 |
3 |
0 |
|a Dějiny královopolského kláštera a jeho proměny v 21. století
|
| 250 |
|
|
|a 1. vyd.
|
| 260 |
|
|
|a Brno :
|b VUTIUM,
|c 2005
|
| 300 |
|
|
|a 95 s. ;
|b il. (převážně barev.), plány, faksim. ;
|c 24 cm
|
| 504 |
|
|
|a Obsahuje bibliografii
|
| 550 |
|
|
|a Vydavatel: Vysoké učení technické v Brně
|
| 600 |
0 |
7 |
|a Jan Jindřich,
|c moravský markrabě,
|d 1322-1375
|7 jx20051109007
|2 czenas
|
| 610 |
2 |
7 |
|a Klášter kartuziánů Cella Trinitatis (Královo Pole, Brno, Česko)
|7 mzk2005304547
|2 czenas
|
| 610 |
2 |
7 |
|a Vysoké učení technické v Brně.
|b Fakulta informačních technologií
|7 mzk2003205615
|2 czenas
|
| 655 |
|
7 |
|a sborníky
|7 fd163935
|2 czenas
|
| 655 |
|
7 |
|a jubilejní publikace
|7 fd131839
|2 czenas
|
| 655 |
|
9 |
|a miscellanea
|2 eczenas
|
| 655 |
|
9 |
|a jubilee books
|2 eczenas
|
| 648 |
|
7 |
|a 14. století
|7 ch460552
|2 czenas
|
| 648 |
|
7 |
|a 14.-21. století
|7 ch757053
|2 czenas
|
| 648 |
|
7 |
|a 21. století
|7 ch460559
|2 czenas
|
| 650 |
0 |
7 |
|a markrabata
|7 ph187626
|z Česko
|y 14. století
|2 czenas
|
| 650 |
0 |
7 |
|a kartuziánské kláštery
|7 ph218850
|z Česko
|y 14.-21. století
|2 czenas
|
| 650 |
0 |
7 |
|a církevní památky
|7 ph114287
|z Česko
|2 czenas
|
| 650 |
0 |
7 |
|a rekonstrukce staveb
|7 ph223709
|z Česko
|y 21. století
|2 czenas
|
| 650 |
0 |
7 |
|a školní budovy
|7 ph135306
|z Česko
|2 czenas
|
| 650 |
0 |
9 |
|a margraves
|z Czechia
|y 14th century
|2 eczenas
|
| 650 |
0 |
9 |
|a Carthusian monasteries
|z Czechia
|y 14th-21st centuries
|2 eczenas
|
| 650 |
0 |
9 |
|a church antiquities
|z Czechia
|2 eczenas
|
| 650 |
0 |
9 |
|a reconstruction of buildings
|z Czechia
|y 21st century
|2 eczenas
|
| 650 |
0 |
9 |
|a school buildings
|z Czechia
|2 eczenas
|
| 651 |
|
7 |
|a Královo Pole (Brno, Česko)
|7 ge129696
|2 czenas
|
| 651 |
|
9 |
|a Královo Pole (Brno, Czechia)
|2 eczenas
|
| 700 |
1 |
|
|a Bukovský, Jan,
|d 1930-
|7 jk01020221
|4 aut
|
| 700 |
1 |
|
|a Mizerová, Alena,
|d 1957-
|7 jn20010524007
|4 red
|
| 710 |
2 |
|
|a Vysoké učení technické v Brně
|7 kn20010709205
|
| 910 |
|
|
|a ZLD002
|
| 928 |
1 |
|
|a Vysoké učení technické v Brně
|
| 952 |
|
|
|0 0
|1 0
|4 0
|6 72CARTUSIA
|7 0
|8 BOOK
|9 118505
|a UTBZL
|b UTBZL
|c 006
|d 2012-08-02
|l 0
|o 72/CARTUSIA
|p 420010145441
|r 2019-08-26 00:00:00
|v 180.00
|w 2019-08-26
|x N:dar;
|y 04
|
| 992 |
|
|
|a BK
|b SK
|
| 901 |
|
|
|b 9788021429215
|f 1. vyd.
|o 20051116
|
| 999 |
|
|
|c 65467
|d 65467
|